| 000 | 02121cam a2200445 a 4500 | ||
|---|---|---|---|
| 999 |
_c349656 _d349656 |
||
| 001 | 794603960 | ||
| 003 | OCoLC | ||
| 005 | 20200429125811.0 | ||
| 008 | 120530s2012 mau b 000 0 eng | ||
| 010 | _a2012021246 | ||
| 020 |
_a9780807006115 _q(cloth ; _qacid-free paper) |
||
| 020 |
_a0807006114 _q(cloth ; _qacid-free paper) |
||
| 020 |
_a9780807006238 _q(pbk. ; _qacid-free paper) |
||
| 020 |
_a0807006238 _q(pbk. ; _qacid-free paper) |
||
| 035 |
_a(OCoLC)794603960 _z(OCoLC)779665557 _z(OCoLC)841028026 |
||
| 040 |
_aDLC _beng _cDLC _dYDX _dYDXCP _dYDD _dBTCTA _dUKMGB _dBWX _dIGP _dCDX _dNNF _dOCLCF _dAZU _dOCLCQ _erda |
||
| 042 | _apcc | ||
| 043 | _an-us--- | ||
| 050 | 0 | 0 |
_aE185.61 _b.B2 2012 |
| 092 | _aF Baldwin | ||
| 100 | 1 |
_aBaldwin, James, _d1924-1987. _98715 |
|
| 245 | 1 | 0 |
_aNotes of a native son / _cJames Baldwin ; with a new introduction by Edward P. Jones. |
| 250 | _aRevised ed. | ||
| 260 |
_aBoston : _bBeacon Press, _c©2012. |
||
| 264 |
_a Boston, MA : _b Beacon Press, _c [2012] ©2012 |
||
| 300 |
_axxiv, 179 pages ; _c23 cm. |
||
| 336 | _atext | ||
| 337 | _aunmediated | ||
| 338 | _avolume | ||
| 504 | _aIncludes bibliographical references. | ||
| 505 | 0 | 0 |
_tIntroduction / _rEdward P. Jones -- _tAcknowledgments -- _tPreface to the 1984 Edition -- _tAutobiographical Notes -- _gPart 1. _tEverybody's Protest Novel -- _tMany Thousands Gone -- _tCarmen Jones: The Dark Is Light Enough -- _gPart 2. _tThe Harlem Ghetto -- _tJourney to Atlanta -- _tNotes of a Native Son -- _gPart 3. _tEncounter on the Seine: Black Meets Brown -- _tA Question of Identity -- _tEqual in Paris -- _tStranger in the Village. |
| 520 | _aThe author shares his views of black thought and the conditions of black life in America during the 1940's and early 1950's. | ||
| 600 | 1 | 0 |
_aBaldwin, James, _d1924-1987. _98715 |
| 650 | 0 |
_aAfrican Americans _xCivil rights. _978901 |
|
| 650 | 0 |
_aAfrican Americans _xSocial conditions _yTo 1964. _978916 |
|
| 651 | 0 |
_aUnited States _xRace relations. _993291 |
|
| 700 | 1 |
_aJones, Edward P. _936426 |
|
| 907 | _a.b31553610x | ||
| 942 |
_2ddc _cBOOK |
||